Europe by First Two Letters of Capitals and Borders in 15 Seconds - Statistics

General Stats
  • This quiz has been taken 4,097 times
  • The average score is 37 of 45
Answers on the Map
Answers color-coded by a green-red scale on the quiz's map according to % correct below.
 
Answer Stats
Country % Correct
France
97%
Spain
96%
Italy
95%
Russia
95%
Switzerland
94%
Germany
93%
Poland
93%
Austria
92%
Belgium
91%
Netherlands
90%
United Kingdom
90%
Finland
89%
Luxembourg
89%
Norway
89%
Serbia
89%
Belarus
88%
Hungary
88%
Ukraine
88%
Bulgaria
87%
Croatia
86%
Romania
86%
Czech Republic
85%
Macedonia
85%
Montenegro
85%
Ireland
84%
Sweden
83%
Lithuania
82%
Andorra
81%
Bosnia and Herzegovina
81%
Kosovo
81%
Latvia
81%
Liechtenstein
79%
Denmark
78%
Portugal
78%
Monaco
77%
Slovakia
77%
Slovenia
76%
Estonia
75%
Albania
70%
Greece
70%
San Marino
65%
Vatican City
65%
Moldova
63%
Iceland
57%
Malta
36%
No matching quizzes found
Score Distribution
Percent of People with Each Score
Percentile by Number Answered
Your Score History
You have not taken this quiz